00278nam a2200121Ia 4500008004100000041000800041082001200049100001700061245001800078260002900096300002400125365000700149240624s9999 xx 000 0 und d aeng a823 TEZ aTEZUKA OSAMU aAPOLLO S SONG c2010aNew YorkbVertical a259 : p. : cm. ; 24 cRS